Central Library OPAC University of Rajshahi

শহীদ ড. জোহা এবং আমি / (Record no. 38750)

MARC details
000 -LEADER
fixed length control field 00878nam a2200229 a 4500
001 - CONTROL NUMBER
control field 38750
003 - CONTROL NUMBER IDENTIFIER
rucl marc code BD-RjUL
005 - DATE AND TIME OF LATEST TRANSACTION
control field 20211209052843.0
008 - FIXED-LENGTH DATA ELEMENTS--GENERAL INFORMATION
fixed length control field 160217s2009 bg ||||| |||| 00| e ben d
020 ## - INTERNATIONAL STANDARD BOOK NUMBER
International Standard Book Number 9843000033804
035 ## - SYSTEM CONTROL NUMBER
System control number (BD-RjUL)38859
040 ## - CATALOGING SOURCE
Original cataloging agency BD-RjUL
Language of cataloging ben
Transcribing agency BD-RjUL
Modifying agency BD-RjUL
041 ## - LANGUAGE CODE
Language code of text/sound track or separate title ben
082 ## - DEWEY DECIMAL CLASSIFICATION NUMBER
Classification number 891.4409
Author mark and year KHS 2009
100 ## - MAIN ENTRY--PERSONAL NAME
Personal name খালেক, আবদুল
9 (RLIN) 119534
245 ## - TITLE STATEMENT
Title শহীদ ড. জোহা এবং আমি /
Statement of responsibility, etc. আবদুল খালেক
260 ## - PUBLICATION, DISTRIBUTION, ETC. (IMPRINT)
Place of publication, distribution, etc. রাজশাহী :
Name of publisher, distributor, etc. ধানসিঁড়ি সাহিত্য পরিষদ,
Date of publication, distribution, etc. ২০০৯
300 ## - PHYSICAL DESCRIPTION
Pagination ১৫০ পৃ. ;
Size ২১ সেমি.
650 ## - SUBJECT ADDED ENTRY--TOPICAL TERM
9 (RLIN) 119535
Topical term or geographic name as entry element বাংলা সাহিত্য
General subdivision ইতিহাস ও সমালোচনা
Topical term or geographic name as entry element Bengali literature
9 (RLIN) 119536
General subdivision History and criticism
942 ## - ADDED ENTRY ELEMENTS (KOHA)
Source of classification or shelving scheme Dewey Decimal Classification
Koha item type Books
Holdings
Lost status Source of classification or shelving scheme Damaged status Not for loan Collection code Permanent Location Current Location Shelving location Date acquired Source of acquisition Cost, normal purchase price Total Checkouts Full call number Date last seen Date checked out Copy number Koha item type
  Dewey Decimal Classification     Non-fiction Central Library, University of Rajshahi Central Library, University of Rajshahi   28/09/2010 লেখক, রাজশাহী 150.00 1 B 891.4409 KHS 2009 30/01/2019 22/01/2019 C-2 Books
  Dewey Decimal Classification     Non-fiction Central Library, University of Rajshahi Central Library, University of Rajshahi   28/09/2010 লেখক, রাজশাহী 150.00 1 B 891.4409 KHS 2009 19/02/2019 30/01/2019 C-3 Books
  Dewey Decimal Classification   Not For Loan Non-fiction Central Library, University of Rajshahi Central Library, University of Rajshahi Reading Room 28/09/2010 Lekhok, Rajshahi 150.00   B 891.4409 KHS 2009 31/01/2017   C-1 Books
  Dewey Decimal Classification     Non-fiction Central Library, University of Rajshahi Central Library, University of Rajshahi   15/05/2019 Author 150.00   B 891.4409 KHS 2009 04/07/2019   C-4 Books
  Dewey Decimal Classification     Non-fiction Central Library, University of Rajshahi Central Library, University of Rajshahi   15/05/2019 Author 150.00   B 891.4409 KHS 2009 04/07/2019   C-5 Books
  Dewey Decimal Classification     Non-fiction Central Library, University of Rajshahi Central Library, University of Rajshahi   15/05/2019 Author 150.00 1 B 891.4409 KHS 2009 20/02/2020 10/02/2020 C-6 Books